| 000 | 00506nam a2200157 a 4500 | ||
|---|---|---|---|
| 001 | 000036905 | ||
| 005 | 20200930080018.0 | ||
| 008 | 120206s2009 dr 000 0 spa d | ||
| 040 |
_aDO-SdBNP _bspa _cBNPHU |
||
| 100 | 1 |
_aOrtiz, Marina _910383 |
|
| 245 | 1 | 0 |
_aSondeo sobre las microfinanzas en la República Dominicana / _cMarina Ortiz, Mario Dávalos. |
| 260 |
_aSanto Domingo : _bAmigo del Hogar, _c2009. |
||
| 300 |
_a95 p. ; _c29 cm. |
||
| 504 | _aBibliografía : p. 95 | ||
| 700 | 1 | 2 |
_aDávalos, Mario _99529 |
| 999 |
_c36395 _d36395 |
||